000
00283nam a2200121Ia 4500
008
150201s2010 xx 000 0 und d
082
_a
615
_b
P10N
100
_a
N,KUMAR
245
2
_a
A TB OF PHARMACOLOGY
260
_b
AITBS
_a
DELHI
_c
2010
650
_a
PHARMACOLOGY
942
_2
ddc
_c
BK
_0
10
999
_c
744
_d
744